| 000 | 00442nam a22001577a 4500 | ||
|---|---|---|---|
| 003 | SGT | ||
| 020 | _a9788196146726 | ||
| 082 |
_a615.32 _bQ24D |
||
| 100 | _aDEORE,SI | ||
| 245 | _aQUALITY CONTROLL OF HERBAL DRUGS : STANDERDISATION AND REGULATIONS | ||
| 260 |
_aHYDERABAD _bPHARMA MED PRESS _c2024 |
||
| 300 | _a689 | ||
| 650 | _aHARBAL DRUG | ||
| 653 | _aQUALITY, CONTROLL , HERBAL ,DRUGS , STANDERDISATION, REGULATIONS | ||
| 942 |
_2ddc _cBK |
||
| 999 |
_c26956 _d26956 |
||